[Event "POL-chT U20 2nd League"]
[Site "Sypniewo"]
[Date "2025.06.26"]
[Round "9.106"]
[White "Kurchanau, Ilya"]
[Black "Mikula, Nikodem"]
[Result "1/2-1/2"]
[WhiteElo "1716"]
[BlackElo "1554"]
[PlyCount "114"]
[EventDate "2025.06.18"]
[EventType "team-swiss"]
[EventRounds "9"]
[EventCountry "POL"]
[SourceTitle "CB27_2025"]
[SourceDate "2025.07.02"]
[SourceVersion "1"]
[SourceVersionDate "2025.07.02"]
[SourceQuality "1"]
[WhiteTeam "Warszawa Caissa"]
[BlackTeam "Krosno Urania"]
[WhiteTeamCountry "POL"]
[BlackTeamCountry "POL"]

1. g3 d5 2. Bg2 c6 3. d3 Bf5 4. Nf3 Nf6 5. Nbd2 e6 6. a3 Nbd7 7. 0-0 h6 8. b3 Bh7 9. Bb2 Be7 10. c4 0-0 11. Re1 Qc7 12. Rc1 Qd8 13. h3 Rc8 14. Nh2 a6 15. cxd5 cxd5 16. b4 b5 17. e4 dxe4 18. Nxe4 Nxe4 19. Bxe4 Bxe4 20. Rxe4 Nf6 21. Rd4 Qb6 22. Ng4 Nd5 23. Ne5 Nf6 24. Nd7 Nxd7 25. Rxd7 Rxc1 26. Qxc1 Bd6 27. Qc3 f6 28. Qd4 Qxd4 29. Bxd4 Bb8 30. Bc5 Re8 31. Bd6 e5 32. Kg2 Kh7 33. Bxb8 Rxb8 34. Ra7 Rb6 35. f4 Kg6 36. Kf3 Rd6 37. Ke4 Rd4+ 38. Ke3 Rd6 39. fxe5 fxe5 40. Ke4 Kf6 41. g4 Rd4+ 42. Ke3 Rd6 43. h4 g6 44. Rh7 Rd4 45. Rxh6 Kg7 46. g5 Rg4 47. h5 Rxg5 48. Rxg6+ Rxg6 49. hxg6 Kxg6 50. d4 Kf5 51. d5 e4 52. d6 Ke6 53. Kxe4 Kxd6 54. Kd4 Kc6 55. Ke5 Kc7 56. Kd5 Kd7 57. Kc5 Kc7 1/2-1/2

[Event "Isle of Wight blitz op1"]
[Site "Isle of Wight"]
[Date "2025.02.19"]
[Round "2"]
[White "Mikula, Nikodem"]
[Black "Tso, Chi Wai"]
[Result "1-0"]
[WhiteElo "1536"]
[BlackElo "1755"]
[PlyCount "31"]
[EventDate "2025.02.19"]
[EventType "swiss (blitz)"]
[EventRounds "7"]
[EventCountry "ENG"]
[SourceTitle "CB08_2025"]
[SourceDate "2025.02.19"]
[SourceVersion "1"]
[SourceVersionDate "2025.02.19"]
[SourceQuality "1"]

1. d4 d5 2. Bf4 Nf6 3. e3 e6 4. Nc3 c5 5. Nf3 Nc6 6. Nb5 e5 7. dxe5 Nh5 8. e6 Nxf4 9. exf7+ Kxf7 10. exf4 Qa5+ 11. c3 c4 12. Qxd5+ Be6 13. Ng5+ Kg6 14. Qxe6+ Kh5 15. g4+ Kh4 16. Nf3# 1-0